| 000 | 00469nam a2200181Ia 4500 | ||
|---|---|---|---|
| 008 | 230524s9999 xx 000 0 und d | ||
| 020 | _a0070472645 | ||
| 082 |
_a658.3 _bROB |
||
| 100 | _aJohn W.Newstrom | ||
| 245 | 0 | _aOrganisational Behaviour: Human Behaviour at Work | |
| 250 | _a11TH | ||
| 260 |
_aNEW DELHI _bTMH _c2005 |
||
| 300 | _aXVII;635 | ||
| 500 | _aQuantity Number: 13 | ||
| 650 | _aOrganisational Behaviour | ||
| 700 | _a Keith Davis | ||
| 942 | _cBK | ||
| 999 |
_c29896 _d29896 |
||